000 00526nam a2200181Ia 4500
999 _c23081
_d23081
003 OSt
005 20231103133145.0
008 190216s9999||||xx |||||||||||||| ||und||
020 _a9789382934837
040 _coclc
082 _a894.8125
_bKAM/C
100 _aKamaludheen, S
_98025
245 0 _aC H Inte Prabhashanangal /
_cS Kamaludheen
260 _bOlive Publications,
_c2013.
_aKozhikode:
300 _a122p
650 _aIslamic History
942 _cBK
_2ddc
_h894.8125
_iKAM/C
_k894.8125
_mKAM/C